Catálogo - Centro de Recursos para el Aprendizaje y la Investigación
Volver al Sitio - CRAI Biblioteca| 000 -CABECERA | |
|---|---|
| campo de control de longitud fija | 02589nam a2200421 4500 |
| 001 - NÚMERO DE CONTROL | |
| campo de control | 114086 |
| 003 - IDENTIFICADOR DEL NÚMERO DE CONTROL | |
| campo de control | DR-UNIBE |
| 005 - FECHA Y HORA DE LA ÚLTIMA TRANSACCIÓN | |
| campo de control | 20250918163248.0 |
| 008 - DATOS DE LONGITUD FIJA--INFORMACIÓN GENERAL | |
| campo de control de longitud fija | 250918b2018 dr ||||| |||| 00| 0 spa d |
| 020 ## - NÚMERO INTERNACIONAL ESTÁNDAR DEL LIBRO | |
| Número Internacional Estándar del Libro | 9789945425475 |
| 040 ## - FUENTE DE LA CATALOGACIÓN | |
| Centro catalogador/agencia de origen | BIBLIOTECA UNIBE |
| Lengua de catalogación | spa |
| Centro/agencia transcriptor | BIBLIOTECA UNIBE |
| Normas de descripción | rda |
| 041 ## - CÓDIGO DE LENGUA | |
| Código de lengua del texto/banda sonora o título independiente | spa |
| 082 ## - NÚMERO DE LA CLASIFICACIÓN DECIMAL DEWEY | |
| Número de edición | 22 |
| Número de clasificación | RD 345.729305 D431 2018 |
| 245 10 - MENCIÓN DE TÍTULO | |
| Título | Derecho procesal penal |
| 250 ## - MENCIÓN DE EDICIÓN | |
| Mención de edición | segunda edición |
| 260 ## - PUBLICACIÓN, DISTRIBUCIÓN, ETC. | |
| Lugar de publicación, distribución, etc. | Santo Domingo : |
| Nombre del editor, distribuidor, etc. | Escuela Nacional de la Judicatura (ENJ), |
| Fecha de publicación, distribución, etc. | 2018 |
| 300 ## - DESCRIPCIÓN FÍSICA | |
| Extensión | xii, 1021 páginas : |
| Dimensiones | 22 x 15 cm |
| 505 ## - NOTA DE CONTENIDO CON FORMATO | |
| Nota de contenido con formato | Presentación de 2018 |<br/>Presentación 2006 |<br/>Prólogo 2006 |<br/>Módulo I. Principios generales para la comprensión de la reforma procesal penal en la República Dominicana |<br/>Módulo II. Actividades iniciales y diligencias preliminares |<br/>Módulo III. Los procesos alternativos |<br/>Módulo IV. Libertad, intimidad y seguridad individual ante intervención estatal |<br/>Módulo V. Medidas de coerción |<br/>Módulo VI. La prueba en el proceso penal |<br/>Módulo VII. Los derechos de protección a la víctima |<br/>Módulo VIII. Etapa intermedia: actos conclusivos y audiencia preliminar |<br/>Módulo IX. El juicio |<br/>Módulo X. Impugnación y recursos |<br/>Módulo XI. La ejecución |<br/>Módulo XII. La fundamentación fáctica y jurídica de las resoluciones jurídicas |<br/>Bibliografía general |
| 650 #7 - PUNTO DE ACCESO ADICIONAL DE MATERIA--TÉRMINO DE MATERIA | |
| Fuente del encabezamiento o término | lemb |
| Término de materia o nombre geográfico como elemento de entrada | Derecho penal |
| Subdivisión geográfica | República Dominicana |
| 9 (RLIN) | 15664 |
| 650 #7 - PUNTO DE ACCESO ADICIONAL DE MATERIA--TÉRMINO DE MATERIA | |
| Fuente del encabezamiento o término | lemb |
| Término de materia o nombre geográfico como elemento de entrada | Derecho procesal |
| Subdivisión geográfica | República Dominicana |
| 9 (RLIN) | 15665 |
| 650 #7 - PUNTO DE ACCESO ADICIONAL DE MATERIA--TÉRMINO DE MATERIA | |
| Fuente del encabezamiento o término | lemb |
| Término de materia o nombre geográfico como elemento de entrada | Procedimiento penal |
| Subdivisión geográfica | República Dominicana |
| 9 (RLIN) | 15663 |
| 700 10 - PUNTO DE ACCESO ADICIONAL--NOMBRE DE PERSONA | |
| Nombre de persona | Valenzuela Sosa, Gervasia |
| 9 (RLIN) | 199284 |
| Término indicativo de función/relación | presentación de 2018 |
| 700 10 - PUNTO DE ACCESO ADICIONAL--NOMBRE DE PERSONA | |
| Nombre de persona | Moscoso Segarra, Alejandro |
| 9 (RLIN) | 24099 |
| Término indicativo de función/relación | presentación de 2006 |
| 700 10 - PUNTO DE ACCESO ADICIONAL--NOMBRE DE PERSONA | |
| Nombre de persona | Molina Peña, Luis Henry |
| 9 (RLIN) | 157671 |
| Término indicativo de función/relación | prólogo 2006 |
| 700 10 - PUNTO DE ACCESO ADICIONAL--NOMBRE DE PERSONA | |
| Nombre de persona | Ureña Sánchez, Adolfo Yarid |
| 9 (RLIN) | 199285 |
| Término indicativo de función/relación | autor |
| 700 10 - PUNTO DE ACCESO ADICIONAL--NOMBRE DE PERSONA | |
| Nombre de persona | Castillo Moronta, Jacinto |
| 9 (RLIN) | 199286 |
| Término indicativo de función/relación | autor |
| 700 10 - PUNTO DE ACCESO ADICIONAL--NOMBRE DE PERSONA | |
| Nombre de persona | Taveras Canaán, José Saúl |
| 9 (RLIN) | 157668 |
| Término indicativo de función/relación | autor |
| 700 10 - PUNTO DE ACCESO ADICIONAL--NOMBRE DE PERSONA | |
| Nombre de persona | Mariot Tórres, Mario Nélson |
| 9 (RLIN) | 199287 |
| Término indicativo de función/relación | autor |
| 700 10 - PUNTO DE ACCESO ADICIONAL--NOMBRE DE PERSONA | |
| Nombre de persona | Díaz Ferreira, Glennys M. |
| 9 (RLIN) | 199288 |
| Término indicativo de función/relación | coordinación técnica |
| 700 10 - PUNTO DE ACCESO ADICIONAL--NOMBRE DE PERSONA | |
| Nombre de persona | Coronado, Ellys G |
| 9 (RLIN) | 193731 |
| Término indicativo de función/relación | coordinación técnica |
| 700 10 - PUNTO DE ACCESO ADICIONAL--NOMBRE DE PERSONA | |
| Nombre de persona | Pichardo, Ninoska |
| 9 (RLIN) | 99210 |
| Término indicativo de función/relación | coordinación técnica |
| 700 10 - PUNTO DE ACCESO ADICIONAL--NOMBRE DE PERSONA | |
| Nombre de persona | Hernández, Dilenia |
| 9 (RLIN) | 99209 |
| Término indicativo de función/relación | coordinación técnica |
| 700 10 - PUNTO DE ACCESO ADICIONAL--NOMBRE DE PERSONA | |
| Nombre de persona | Arbaje Lembert, Mayra Elena |
| 9 (RLIN) | 99212 |
| Término indicativo de función/relación | corrector |
| 700 10 - PUNTO DE ACCESO ADICIONAL--NOMBRE DE PERSONA | |
| Nombre de persona | Silva Núñez, Amaury Antonio |
| 9 (RLIN) | 180733 |
| Término indicativo de función/relación | portada |
| 700 10 - PUNTO DE ACCESO ADICIONAL--NOMBRE DE PERSONA | |
| Nombre de persona | Romero V., Ricarlos |
| 9 (RLIN) | 199289 |
| Término indicativo de función/relación | diagramador |
| 710 10 - PUNTO DE ACCESO ADICIONAL--NOMBRE DE ENTIDAD CORPORATIVA | |
| Nombre de entidad corporativa o nombre de jurisdicción como elemento de entrada | Centro de Documentación e Información Judicial Dominicano (CENDIJD) |
| 9 (RLIN) | 154572 |
| 942 ## - ELEMENTOS DE PUNTO DE ACCESO ADICIONAL (KOHA) | |
| Fuente del sistema de clasificación o colocación | Sistema de Clasificación Decimal Dewey |
| Tipo de ítem Koha | Libro (general) |
| Estado de retiro | Estado de pérdida | Fuente del sistema de clasificación o colocación | No para préstamo | Código de colección | Localización permanente | Fecha de adquisición | Total de préstamos | Signatura topográfica completa | Código de barras | Fecha visto por última vez | Fecha del último préstamo | Número de copia | Precio válido a partir de | Tipo de ítem Koha |
|---|---|---|---|---|---|---|---|---|---|---|---|---|---|---|
| Disponible | Sistema de Clasificación Decimal Dewey | General - Libros dominicanos | Biblioteca Central UNIBE | 18/09/2025 | 1 | RD 345.729305 D431 2018 | 251028 | 16/04/2026 | 10/04/2026 | Ej. 1 | 18/09/2025 | Libro (general) |